LEADER 01222nam a2200289 u 4500 001 000000108334 003 CaOOAMICUS 005 20071121122945.0 008 071121s1994 it u000 u ita u 020 $a88-14-04519-4 040 $aPUL$bita$dLDB 100 1 $aCinelli, Maurizio.$0(OLS)http://pul/name/66418 245 10$aDiritto della previdenza sociale /$cMaurizio Cinelli. 250 $a2. ed. 260 $aMilano :$bGiuffrè,$c1994. 300 $axv, 451 p. ;$c23 cm. 490 1 $aPiccola biblioteca Giuffrè.$aTesti di prepazione giuridica ed economica 500 $aContiene indici. 504 $aBibliografia: p. [415]-423. 650 4$aPrevidenza sociale.$0(OLS)http://pul/subject/28663 830 0$aPiccola biblioteca Giuffrè.$pTesti di prepazione giuridica ed economica.$0(OLS)http://pul/title/53563 850 $aPUL 852 $aPUL$W1$xSL Diritto e Scienze Sociali 1$y4$m176 D 84$j123424$qStampati$B122366$CPULBib$Z2$F122366 $H73467 $82 941 1 $a8 996 $6020$a88-14-04519-4$9(OLS)http://pul/number/136297 996 $6245$aDiritto della previdenza sociale$9(OLS)http://pul/title/136330 996 $6260$aMilano :$bGiuffrè$9(OLS)http://pul/publisher/48401 LEADER 01023nam a2200265 a 4500 001 000000006521 003 CaOOAMICUS 005 20110728122847.0 008 940606s1976 fr u000 u fre u 035 $a10169183 040 $aPUL(R)$bita 100 1 $aBouyer, Louis,$cC.Or.,$d1913-2004.$0(OLS)http://pul/name/722 245 13$aLe Père invisible; :$bapproches du mystère de la divinité /$cLuis Bouyer. 260 $aParis :$bLes Éditions du Cerf,$c1976. 300 $a391 p. ;$c22 cm 490 1 $aConnaissance de Dieu ;$v3 500 $aContiene indici. 504 $aBibliografia in nota. 830 0$aConnaissance de Dieu ;$v3.$0(OLS)http://pul/title/9585 850 $aPUL 852 $aPUL$W1$xDP2 Religione 1$y63$m64 F 40$j9241$nBK-PRI$qStampati$B9241$CPULBib$Z2$F9241 $82 941 1 $a8 961 $aINV: 46982 996 $6245$aLe Père invisible; :$bapproches du mystère de la divinité$9(OLS)http://pul/title/9584 996 $6260$aParis :$bLes Éditions du Cerf$9(OLS)http://pul/publisher/47861